000 00474nam a2200169Ia 4500
003 GCL
008 140319s9999 xx 000 0 eng d
040 _aGCL /
_cGCL
082 0 4 _a658.3
_bB B
100 1 _aBARON, ROBERT
245 1 0 _aBEHAVIOR IN ORGANIZATIONS: UNDERSTANDING THE HUMAN SIDE OF WORK /
_cBARON, ROBERT
260 _a[S.N] :
_bALLYN AND BACON ،
_c1986
300 _a514 P
650 0 4 _aORGANIZATION
650 0 4 _aORGANIZATIONAL BEHAVIOR
942 _2ddc
_cBK
999 _c13076
_d13076